[Event "4NCL-9899B SWD-BIG2"]
[Site "Rd1-Warwick"]
[Date "1998.10.24"]
[Round "1.8"]
[White "Cast, Abigail"]
[Black "Richmond, Jane"]
[Result "1/2-1/2"]
[WhiteElo "2110"]
[BlackElo "2175"]
[PlyCount "64"]
[EventDate "1998.10.24"]
[SourceDate "1998.10.28"]

1. d4 Nf6 2. Nf3 g6 3. Bg5 Bg7 4. Nbd2 O-O 5. e3 c5 6. c3 b6 7. Be2 Bb7 8. O-O
d6 9. Re1 Qc7 10. a4 Nbd7 11. Bb5 h6 12. Bh4 a6 13. Bxd7 Qxd7 14. e4 g5 15. Bg3
Nh5 16. dxc5 bxc5 17. Nc4 Nxg3 18. hxg3 Qg4 19. Nfd2 Qxd1 20. Raxd1 a5 21. Nb6
Ra6 22. Nd5 Bxd5 23. exd5 Ra7 24. Nc4 Rb8 25. Re2 Kf8 26. Ne3 Rab7 27. Nc4 Bf6
28. Rdd2 Ra7 29. Ne3 Rab7 30. Nc4 Ra7 31. Ne3 Rab7 32. Nc4 Ra7 1/2-1/2

[Event "4NCL-9899B WG2-WIT"]
[Site "Rd1-Warwick"]
[Date "1998.10.24"]
[Round "1.2"]
[White "Devereaux, Maxim"]
[Black "Lee, Graham"]
[Result "0-1"]
[WhiteElo "2264"]
[BlackElo "2330"]
[PlyCount "138"]
[EventDate "1998.10.24"]
[SourceDate "1998.10.28"]

1. e4 c6 2. d4 d5 3. exd5 cxd5 4. Bd3 Nc6 5. c3 Nf6 6. Bf4 Bg4 7. Qb3 Qc8 8.
Nd2 Bh5 9. Ngf3 Bg6 10. Bxg6 hxg6 11. O-O e6 12. Rfe1 Be7 13. Ne5 O-O 14. Ndf3
Na5 15. Qc2 b5 16. a3 Nc4 17. h4 Ne4 18. g3 a5 19. Kg2 Ncd6 20. h5 gxh5 21. Rh1
g6 22. Bh6 Re8 23. g4 hxg4 24. Nh2 g3 25. fxg3 Nf5 26. Nhg4 b4 27. axb4 axb4
28. Rxa8 Qxa8 29. Nd7 Qd8 30. Nde5 bxc3 31. bxc3 Qc7 32. Qa4 Rb8 33. Bf4 Qxc3
34. Rb1 Rc8 35. Rc1 Qb2+ 36. Kh3 Rf8 37. Qd7 Kg7 38. Rc8 Rxc8 39. Qxc8 g5 40.
Nxf7 Nf2+ 41. Nxf2 Qxf2 42. Nxg5 Bxg5 43. Qd7+ Ne7 44. Qxe6 Bf6 45. Qg4+ Kf8
46. Qe6 Qxd4 47. Bd6 Ke8 48. Kh2 Qf2+ 49. Kh1 Qf5 50. Qxf5 Nxf5 51. Bf4 Kf7 52.
Kg2 Ke6 53. g4 Ne7 54. Kf2 Ng6 55. Bd2 Ne5 56. Kg3 Nf7 57. Kf3 Bg5 58. Bc3 Ne5+
59. Ke2 Nxg4 60. Bd4 Kf5 61. Kd3 Ne5+ 62. Ke2 Ke4 63. Bb6 d4 64. Ba5 d3+ 65.
Kd1 Nc4 66. Bc3 Bf4 67. Bb4 Bc7 68. Be7 Ba5 69. Bg5 Ne3+ 0-1

[Event "4NCL-9899B WG2-WIT"]
[Site "Rd1-Warwick"]
[Date "1998.10.24"]
[Round "1.3"]
[White "Briscoe, Chris"]
[Black "Headlong, Tim"]
[Result "1/2-1/2"]
[WhiteElo "2210"]
[BlackElo "2270"]
[PlyCount "84"]
[EventDate "1998.10.24"]
[SourceDate "1998.10.28"]

1. e4 c5 2. Nf3 Nc6 3. d4 cxd4 4. Nxd4 g6 5. c4 Nf6 6. Nc3 d6 7. Be2 Nxd4 8.
Qxd4 Bg7 9. O-O O-O 10. Rb1 Be6 11. Qd2 a6 12. b3 Qa5 13. f3 Rfc8 14. Nd5 Qxd2
15. Bxd2 Bxd5 16. exd5 b5 17. Bc3 Rab8 18. Rfe1 Nd7 19. Bxg7 Kxg7 20. Bf1 Kf8
21. g3 Rc7 22. Kg2 b4 23. Bd3 a5 24. Ra1 a4 25. Reb1 Ra7 26. Bc2 axb3 27. Bxb3
Rba8 28. Rb2 Nc5 29. Rab1 Ra3 30. h4 Kg7 31. Kf1 Kf6 32. Ke2 e5 33. dxe6 fxe6
34. Rd2 R8a6 35. Kf2 e5 36. Rbb2 Ke6 37. g4 Ra8 38. Kg2 Ke7 39. Kg3 Rf8 40. Re2
Ne6 41. Rbd2 Rf4 42. Rd5 Nc5 1/2-1/2

[Event "4NCL-9899B WG2-WIT"]
[Site "Rd1-Warwick"]
[Date "1998.10.24"]
[Round "1.4"]
[White "Cooksey, Paul"]
[Black "Wastney, Scott"]
[Result "0-1"]
[WhiteElo "2220"]
[BlackElo "2155"]
[PlyCount "86"]
[EventDate "1998.10.24"]
[SourceDate "1998.10.28"]

1. e4 c5 2. Nf3 e6 3. d4 cxd4 4. Nxd4 Nf6 5. Nc3 Nc6 6. Ndb5 d6 7. Bf4 e5 8.
Bg5 a6 9. Na3 b5 10. Nd5 Be7 11. Bxf6 Bxf6 12. Be2 O-O 13. c3 Bg5 14. Nc2 Ne7
15. Nce3 Be6 16. Bg4 Nxd5 17. Nxd5 Rc8 18. h3 Rc5 19. Qd3 Bxd5 20. exd5 e4 21.
Qd4 f5 22. Bd1 Qc7 23. Bb3 a5 24. a3 Bf6 25. Qd1 Rb8 26. Rb1 b4 27. axb4 axb4
28. c4 Qe7 29. O-O Rcc8 30. Qe2 Bd4 31. Ba4 Rf8 32. Kh1 Qh4 33. Bd7 Rf6 34.
Be6+ Kh8 35. Qd2 Bc5 36. Ra1 Rbf8 37. Ra6 g5 38. Rc6 g4 39. Qf4 Qh5 40. Ra1
gxh3 41. g3 Qe2 42. Kh2 Bxf2 43. Kxh3 Be3 0-1

[Event "4NCL-9899B WG2-WIT"]
[Site "Rd1-Warwick"]
[Date "1998.10.24"]
[Round "1.5"]
[White "Hynes, Kilian"]
[Black "Haydon, Richard"]
[Result "1/2-1/2"]
[WhiteElo "2048"]
[BlackElo "2200"]
[PlyCount "74"]
[EventDate "1998.10.24"]
[SourceDate "1998.10.28"]

1. e4 c5 2. c3 d5 3. exd5 Qxd5 4. d4 Nc6 5. Nf3 cxd4 6. cxd4 e5 7. Nc3 Bb4 8.
Bd2 Bxc3 9. Bxc3 e4 10. Ne5 Nxe5 11. dxe5 Ne7 12. Be2 O-O 13. O-O Bf5 14. Qc1
Qe6 15. Qg5 h6 16. Qg3 Nd5 17. Bd2 Rfe8 18. Bc4 Qxe5 19. Bxd5 Qxd5 20. Bxh6 Qe5
21. Bf4 {(draw offer)} Qxb2 22. Rab1 Qxa2 23. Rxb7 Qd5 24. Rc7 Re6 25. Rfc1 Rg6
26. Qe3 a5 27. h4 Qd3 28. Qc5 e3 29. Qxe3 Qxe3 30. Bxe3 Be4 31. g3 a4 32. Rc8+
Rxc8 33. Rxc8+ Kh7 34. Rc7 Rd6 35. g4 Rd1+ 36. Kh2 Bd5 37. Ra7 Bb3 1/2-1/2

[Event "4NCL-9899B WG2-WIT"]
[Site "Rd1-Warwick"]
[Date "1998.10.24"]
[Round "1.6"]
[White "Hackett, David"]
[Black "Tebbs, Howard"]
[Result "1/2-1/2"]
[WhiteElo "2220"]
[BlackElo "2016"]
[PlyCount "43"]
[EventDate "1998.10.24"]
[SourceDate "1998.10.28"]

1. e4 c6 2. d4 d5 3. exd5 cxd5 4. c4 Nf6 5. Nc3 e6 6. Nf3 Be7 7. Bd3 dxc4 8.
Bxc4 O-O 9. O-O Nc6 10. a3 a6 11. Re1 b5 12. Bb3 Bb7 13. Bc2 Rc8 14. Qd3 b4 15.
Ne4 Nxe4 16. Rxe4 b3 17. Bxb3 Na5 18. Re2 Nxb3 19. Qxb3 Bxf3 20. Qxf3 Qxd4 21.
Be3 Qc4 22. Rd1 1/2-1/2

[Event "4NCL-9899B WG2-WIT"]
[Site "Rd1-Warwick"]
[Date "1998.10.24"]
[Round "1.8"]
[White "Smith, Lucy"]
[Black "Yuzefova, Helena"]
[Result "1/2-1/2"]
[WhiteElo "1616"]
[BlackElo "2060"]
[PlyCount "116"]
[EventDate "1998.10.24"]
[SourceDate "1998.10.28"]

1. d4 Nf6 2. Bg5 d5 3. c4 e6 4. Nc3 Be7 5. Nf3 O-O 6. e3 b6 7. Be2 Bb7 8. O-O
Nbd7 9. Re1 c5 10. cxd5 Nxd5 11. Bxe7 Nxe7 12. Na4 Rc8 13. Rc1 Nd5 14. dxc5
Nxc5 15. Nxc5 Rxc5 16. Rxc5 bxc5 17. Qc2 Qb6 18. Rc1 Rc8 19. a3 g6 20. Ne5 Qd6
21. Nf3 Qb6 22. Rd1 Qc6 23. Qd3 Nf6 24. Qb5 Nd5 25. Qxc6 Bxc6 26. Ne5 Ba4 27.
Rd2 Kg7 28. Bf3 Bb3 29. g3 Kf6 30. Ng4+ Ke7 31. e4 Nb6 32. Ne3 Rd8 33. Rxd8
Kxd8 34. Bd1 Bxd1 35. Nxd1 Kd7 36. Kf1 Kc6 37. Ke2 Kb5 38. Kd3 Ka4 39. Kc3 Kb5
40. b3 a5 41. a4+ Kc6 42. Ne3 Kd6 43. f4 f5 44. e5+ Kd7 45. Nc4 Nxc4 46. bxc4
Ke7 47. Kd3 Kf7 48. Ke3 Kg7 49. Kf3 Kh6 50. g4 Kg7 51. Kg3 Kf7 52. Kh4 Kg7 53.
Kg5 h6+ 54. Kh4 Kh7 55. h3 Kg7 56. Kg3 Kh7 57. h4 Kg7 58. g5 h5 1/2-1/2

[Event "4NCL-9899B BCCA-SWD"]
[Site "Rd2-Warwick"]
[Date "1998.10.25"]
[Round "2.1"]
[White "Gough, Michael"]
[Black "Cooper, John"]
[Result "0-1"]
[WhiteElo "2216"]
[BlackElo "2350"]
[PlyCount "78"]
[EventDate "1998.10.25"]

1. d4 Nf6 2. c4 e6 3. Nf3 b6 4. g3 Bb7 5. Bg2 Be7 6. O-O O-O 7. Nc3 Na6 8. Ne1
d5 9. Nd3 c5 10. dxc5 bxc5 11. Bg5 Rb8 12. Qa4 Nb4 13. cxd5 Nxd3 14. exd3 Bxd5
15. Nxd5 Nxd5 16. Bxe7 Qxe7 17. Bxd5 exd5 18. Qc2 Rfc8 19. b3 Qf6 20. Rac1 h5
21. h4 Rb4 22. Qd2 Rg4 23. Kh2 Rc6 24. Kg2 Qf5 25. f3 Rd4 26. Rfd1 Rf6 27. Qe3
Re6 28. Qd2 Rg6 29. Kf2 Qh3 30. Rg1 Rxh4 31. Rxc5 Rd4 32. Qe3 Rb4 33. Qe8+ Kh7
34. Rc8 Re6 35. Qg8+ Kg6 36. Rc2 Rb7 37. Qd8 Qf5 38. Qh4 Qxd3 39. Rgc1 Rbe7 0-1

[Event "4NCL-9899B BCCA-SWD"]
[Site "Rd2-Warwick"]
[Date "1998.10.25"]
[Round "2.2"]
[White "Cobb, James"]
[Black "Tait, Jonathan"]
[Result "1-0"]
[WhiteElo "2305"]
[BlackElo "2185"]
[PlyCount "57"]
[EventDate "1998.10.25"]

1. Nf3 Nc6 2. e4 e5 3. Bb5 f5 4. d3 Nf6 5. O-O fxe4 6. dxe4 d6 7. Nc3 Be7 8. h3
a6 9. Bc4 Na5 10. Bd3 O-O 11. Nh4 Kh8 12. f4 Nc6 13. f5 Qe8 14. Bg5 Qh5 15. Qd2
Ng8 16. Nf3 Bxg5 17. Nxg5 h6 18. Nf3 Nce7 19. Be2 Qe8 20. g4 Nf6 21. Kh2 b5 22.
g5 Nfg8 23. Nh4 Bb7 24. a3 hxg5 25. Qxg5 Qf7 26. Rg1 Qf6 27. Ng6+ Nxg6 28. Qh5+
Nh6 29. Rxg6 1-0

[Event "4NCL-9899B BCCA-SWD"]
[Site "Rd2-Warwick"]
[Date "1998.10.25"]
[Round "2.3"]
[White "Toothill, John"]
[Black "Dineley, Richard"]
[Result "0-1"]
[WhiteElo "2088"]
[BlackElo "2275"]
[PlyCount "52"]
[EventDate "1998.10.25"]

1. e4 c5 2. Nf3 Nc6 3. Bb5 g6 4. O-O Bg7 5. Re1 Nf6 6. c3 O-O 7. d3 d6 8. Nbd2
Bd7 9. Nf1 Qa5 10. Bxc6 Bxc6 11. Bg5 b5 12. e5 dxe5 13. Nxe5 Bd5 14. Ne3 Be6
15. f4 Qc7 16. Qf3 Rad8 17. a4 b4 18. cxb4 cxb4 19. Rec1 Qb6 20. Qf2 Rc8 21.
N3c4 Qxf2+ 22. Kxf2 Nd5 23. Bh4 f6 24. Nf3 Nxf4 25. Ne1 Bxc4 26. Rxc4 Nxd3+ 0-1

[Event "4NCL-9899B BCCA-SWD"]
[Site "Rd2-Warwick"]
[Date "1998.10.25"]
[Round "2.4"]
[White "Zeidler, Sven"]
[Black "Hall, RVM."]
[Result "1-0"]
[WhiteElo "2225"]
[BlackElo "2120"]
[PlyCount "71"]
[EventDate "1998.10.25"]

1. e4 e6 2. d4 d5 3. exd5 exd5 4. Nf3 Bd6 5. c4 c6 6. Nc3 Qe7+ 7. Be2 dxc4 8.
O-O Be6 9. Re1 b5 10. a4 b4 11. d5 cxd5 12. Nxd5 Qd7 13. Bxc4 Nc6 14. Nf4 Bxf4
15. Bxf4 Qxd1 16. Raxd1 Nge7 17. Bxe6 fxe6 18. Rxe6 O-O 19. Bg5 Rfe8 20. Rde1
Kf8 21. Bxe7+ Nxe7 22. Nd4 Nd5 23. Rxe8+ Rxe8 24. Rxe8+ Kxe8 25. Kf1 Kd7 26. g3
a5 27. Ke2 Nb6 28. b3 g6 29. Kd3 Kd6 30. Nc2 Nd7 31. f3 Kc5 32. Ne3 Nb6 33. f4
Kd6 34. Nc4+ Nxc4 35. Kxc4 Kc6 36. g4 1-0

[Event "4NCL-9899B BCCA-SWD"]
[Site "Rd2-Warwick"]
[Date "1998.10.25"]
[Round "2.5"]
[White "Donnelly, MJ."]
[Black "James, David"]
[Result "1/2-1/2"]
[WhiteElo "2064"]
[BlackElo "2245"]
[PlyCount "45"]
[EventDate "1998.10.25"]

1. e4 c5 2. Nc3 d6 3. f4 a6 4. Nf3 Nc6 5. g3 g6 6. Bg2 Bg7 7. O-O e6 8. d3 Nge7
9. Be3 Nd4 10. Qd2 O-O 11. Rae1 Rb8 12. Nh4 f5 13. Nd1 Ndc6 14. Nf3 b6 15. Kh1
Qc7 16. Bg1 h6 17. c3 Bb7 18. Ne3 Nd8 19. Nc2 b5 20. exf5 gxf5 21. d4 Be4 22.
dxc5 dxc5 23. Ne5 1/2-1/2

[Event "4NCL-9899B BCCA-SWD"]
[Site "Rd2-Warwick"]
[Date "1998.10.25"]
[Round "2.6"]
[White "Saunders, John"]
[Black "Phillips, David A"]
[Result "1-0"]
[WhiteElo "2195"]
[BlackElo "2000"]
[PlyCount "77"]
[EventDate "1998.10.25"]

1. g3 Nf6 2. Bg2 g6 3. e4 d6 4. d4 Bg7 5. Nc3 c6 6. Nge2 O-O 7. h3 e5 8. Be3
Nbd7 9. Qd2 exd4 10. Nxd4 Ne5 11. b3 Qa5 12. f4 c5 13. Nde2 Nc6 14. O-O Nh5 15.
Kh2 b5 16. g4 b4 17. Nd5 Bxa1 18. Rxa1 Ng7 19. Nf6+ Kh8 20. Qxd6 Ba6 21. Qxc6
Rac8 22. Qd5 Bxe2 23. Qg5 Rc6 24. e5 Rxf6 25. Qxf6 Qb6 26. Qe7 Qd8 27. Qxc5 a5
28. Qd6 Ne6 29. Qxd8 Rxd8 30. Re1 Bb5 31. f5 gxf5 32. gxf5 Ng7 33. Bg5 Rc8 34.
Be4 Re8 35. Bf6 Bd7 36. Rg1 Rg8 37. Kg3 h6 38. Kf4 Kh7 39. Bxg7 1-0

[Event "4NCL-9899B BCCA-SWD"]
[Site "Rd2-Warwick"]
[Date "1998.10.25"]
[Round "2.7"]
[White "Hardman, Michael"]
[Black "Richmond, Peter"]
[Result "1/2-1/2"]
[WhiteElo "1928"]
[BlackElo "2190"]
[PlyCount "61"]
[EventDate "1998.10.25"]

1. e4 c5 2. Nf3 Nc6 3. d4 cxd4 4. Nxd4 Nf6 5. Nc3 e5 6. Ndb5 d6 7. Bg5 a6 8.
Na3 b5 9. Bxf6 gxf6 10. Nd5 f5 11. g3 Bg7 12. Bg2 fxe4 13. Bxe4 Ra7 14. c3 O-O
15. Nc2 Kh8 16. O-O f5 17. Bg2 f4 18. a4 bxa4 19. Rxa4 Qg5 20. Nde3 fxe3 21.
Nxe3 Ne7 22. Qxd6 Nf5 23. Nxf5 Bxf5 24. f4 Qh5 25. fxe5 Rd7 26. Qxa6 Rfd8 27.
Rd4 Bxe5 28. Rxd7 Rxd7 29. Qb5 Re7 30. Qc5 Re8 31. Re1 1/2-1/2

[Event "4NCL-9899B BCCA-SWD"]
[Site "Rd2-Warwick"]
[Date "1998.10.25"]
[Round "2.8"]
[White "Richmond, Jane"]
[Black "Barnes, Lara"]
[Result "1-0"]
[WhiteElo "2175"]
[BlackElo "1608"]
[PlyCount "107"]
[EventDate "1998.10.25"]

1. e4 e6 2. d4 d5 3. Nc3 Nf6 4. Bg5 dxe4 5. Nxe4 Be7 6. Nxf6+ Bxf6 7. Bxf6 Qxf6
8. Nf3 Bd7 9. Qd2 a6 10. O-O-O O-O 11. Bd3 Bb5 12. c4 Bc6 13. Ne5 Nd7 14. Ng4
Qe7 15. f4 Rfd8 16. Qe3 Nf6 17. Ne5 Ba4 18. Rd2 c5 19. dxc5 Rac8 20. b3 Be8 21.
Re1 g6 22. g4 Qxc5 23. Qxc5 Rxc5 24. f5 Nd5 25. fxe6 fxe6 26. Bc2 Rdc8 27. cxd5
exd5 28. Kb2 Kg7 29. Nf3 R5c7 30. Nd4 Bf7 31. Rde2 Kg8 32. Re7 Rc5 33. Rxb7
R8c7 34. Rxc7 Rxc7 35. Bd3 a5 36. Bb5 Rc5 37. Be8 Rc7 38. Bxf7+ Rxf7 39. Re8+
Kg7 40. h3 Rf2+ 41. Re2 Rf1 42. Kc3 Rh1 43. Re3 Kh6 44. Ne6 Rc1+ 45. Kd4 Ra1
46. a4 g5 47. Kxd5 Rd1+ 48. Kc5 Kg6 49. Nc7 Rc1+ 50. Kb6 h5 51. Nb5 hxg4 52.
hxg4 Rg1 53. Re4 Rg3 54. Nd4 1-0

[Event "4NCL-9899B BIG2-WG2"]
[Site "Rd2-Warwick"]
[Date "1998.10.25"]
[Round "2.1"]
[White "Webster, Andrew"]
[Black "Law, Andrew"]
[Result "1-0"]
[WhiteElo "2420"]
[BlackElo "2325"]
[PlyCount "83"]
[EventDate "1998.10.25"]

1. c4 e5 2. g3 Nf6 3. Bg2 c6 4. d4 exd4 5. Qxd4 d5 6. Nf3 dxc4 7. Qxc4 Be7 8.
O-O O-O 9. Nc3 Qa5 10. e4 Qh5 11. Re1 Bg4 12. Nh4 Nbd7 13. h3 Be6 14. Qe2 Qxe2
15. Rxe2 Rfd8 16. Nf5 Bf8 17. Be3 Nc5 18. Nd4 Bc4 19. Rd2 Ne6 20. Rad1 Nxd4 21.
Bxd4 Be7 22. f4 Kf8 23. Bf3 Ne8 24. Be3 Rxd2 25. Rxd2 Nd6 26. b3 Ba6 27. g4 Ke8
28. a4 Nc8 29. Rd1 Bb4 30. Ne2 Be7 31. e5 Nb6 32. Be4 g6 33. Kg2 Rd8 34. Rxd8+
Kxd8 35. Kg3 Nc8 36. h4 Kd7 37. h5 b6 38. f5 gxh5 39. f6 Ba3 40. gxh5 Bb2 41.
Kf4 c5 42. Bf5+ 1-0

[Event "4NCL-9899B BIG2-WG2"]
[Site "Rd2-Warwick"]
[Date "1998.10.25"]
[Round "2.2"]
[White "Lee, Graham"]
[Black "Mason, Don"]
[Result "1-0"]
[WhiteElo "2330"]
[BlackElo "2295"]
[PlyCount "69"]
[EventDate "1998.10.25"]

1. e4 e6 2. d4 d5 3. e5 c5 4. c3 Qb6 5. Nf3 Nc6 6. a3 Nh6 7. b4 cxd4 8. cxd4
Nf5 9. Bb2 Be7 10. Be2 O-O 11. O-O f6 12. Qd3 Bd7 13. Nbd2 Be8 14. Nb3 fxe5 15.
dxe5 a5 16. b5 a4 17. bxc6 axb3 18. cxb7 Qxb7 19. Rfc1 Ba4 20. Rc3 Rfc8 21.
Rac1 Rxc3 22. Rxc3 Qa7 23. g4 Nh4 24. Nd4 Bc5 25. Nxe6 Bxf2+ 26. Kh1 Qd7 27.
Ng5 g6 28. Ne4 Rf8 29. Nf6+ Rxf6 30. exf6 Bc6 31. Bf3 Nxf3 32. Qxf3 Bd4 33. f7+
Qxf7 34. Qxf7+ Kxf7 35. Rf3+ 1-0

[Event "4NCL-9899B BIG2-WG2"]
[Site "Rd2-Warwick"]
[Date "1998.10.25"]
[Round "2.3"]
[White "Barnes, Michael"]
[Black "Briscoe, Chris"]
[Result "1/2-1/2"]
[WhiteElo "2245"]
[BlackElo "2210"]
[PlyCount "34"]
[EventDate "1998.10.25"]

1. e4 Nc6 2. Nf3 e5 3. Bb5 f5 4. d3 fxe4 5. dxe4 d6 6. Nc3 Nf6 7. h3 Be7 8. a3
O-O 9. Be3 Kh8 10. Qe2 Qe8 11. Bc4 a6 12. Nd5 Bd8 13. Nxf6 Bxf6 14. O-O-O Be6
15. Kb1 b5 16. Bd5 Rb8 17. Rd2 Bxd5 1/2-1/2

[Event "4NCL-9899B BIG2-WG2"]
[Site "Rd2-Warwick"]
[Date "1998.10.25"]
[Round "2.4"]
[White "Wastney, Scott"]
[Black "Dighton, Simon"]
[Result "0-1"]
[WhiteElo "2155"]
[BlackElo "2235"]
[PlyCount "62"]
[EventDate "1998.10.25"]

1. Nf3 Nf6 2. c4 e6 3. d4 d5 4. Nc3 Bb4 5. Bg5 h6 6. Bxf6 Qxf6 7. Qb3 c5 8.
cxd5 exd5 9. dxc5 Bxc3+ 10. bxc3 Na6 11. Nd4 O-O 12. e3 Nxc5 13. Qxd5 Qb6 14.
Nb3 Nxb3 15. Qxb3 Qc6 16. Bc4 Qxg2 17. Bd5 Qg4 18. Rd1 Qg6 19. Ke2 Be6 20. Bxe6
fxe6 21. Rd2 Rxf2+ 22. Kxf2 Rf8+ 23. Ke2 Qg2+ 24. Kd1 Qxh1+ 25. Kc2 Qe4+ 26.
Kb2 Qxe3 27. Rc2 b6 28. Qc4 Rf2 29. Rxf2 Qxf2+ 30. Kb3 Qf5 31. Qd4 Qd5+ 0-1

[Event "4NCL-9899B BIG2-WG2"]
[Site "Rd2-Warwick"]
[Date "1998.10.25"]
[Round "2.5"]
[White "Thomas, Nick"]
[Black "Hynes, Kilian"]
[Result "1-0"]
[WhiteElo "2225"]
[BlackElo "2048"]
[PlyCount "123"]
[EventDate "1998.10.25"]

1. e4 e5 2. Nf3 Nc6 3. Bc4 Bc5 4. O-O Nf6 5. d4 exd4 6. e5 d5 7. exf6 dxc4 8.
Re1+ Be6 9. Ng5 Qd5 10. Nc3 Qf5 11. Nce4 O-O-O 12. g4 Qe5 13. Nxe6 fxe6 14.
fxg7 Rhg8 15. Bh6 d3 16. c3 d2 17. Re2 Rd3 18. Qf1 Bb6 19. Rd1 Rxg7 20. Bxg7
Qxg7 21. Qg2 Ne5 22. Rexd2 Qg6 23. Kf1 Nxg4 24. Rxd3 cxd3 25. Rxd3 Nxh2+ 26.
Qxh2 Qxe4 27. Qg3 Qh1+ 28. Qg1 Qxg1+ 29. Kxg1 Bc5 30. Kg2 h6 31. Rh3 Bf8 32.
Rf3 Be7 33. Rf7 Kd8 34. f4 h5 35. Kf3 a5 36. Ke4 h4 37. c4 Ke8 38. Rh7 b6 39.
Ke5 Kd7 40. b3 h3 41. Rxh3 Bd6+ 42. Ke4 Ke7 43. Rh7+ Kf6 44. Rh6+ Kf7 45. Kf3
Ke7 46. Kg4 Kd7 47. Kg5 Be7+ 48. Kg6 Bd6 49. Rh7+ Kc6 50. Rf7 a4 51. Rf6 axb3
52. axb3 Kd7 53. Kf7 c6 54. b4 Bxb4 55. Rxe6 b5 56. cxb5 cxb5 57. Rb6 Bd6 58.
f5 b4 59. f6 Bc5 60. Rb5 Bd6 61. Rd5 Kc6 62. Rxd6+ 1-0

[Event "4NCL-9899B BIG2-WG2"]
[Site "Rd2-Warwick"]
[Date "1998.10.25"]
[Round "2.6"]
[White "Tebbs, Howard"]
[Black "Evans, Raymond"]
[Result "0-1"]
[WhiteElo "2016"]
[BlackElo "2159"]
[PlyCount "110"]
[EventDate "1998.10.25"]

1. d4 Nf6 2. Nf3 d5 3. Bf4 g6 4. e3 Bg7 5. c4 O-O 6. Nc3 c5 7. Rc1 cxd4 8. Nxd4
Ne4 9. cxd5 Nxc3 10. bxc3 Qxd5 11. Qb3 Qc5 12. Qc2 e5 13. Nb3 Qc6 14. Bg5 Bf5
15. Qe2 h6 16. Bh4 Qa4 17. Bg3 Rc8 18. Qb5 Qxa2 19. Nd2 Be6 20. Qxb7 Nd7 21.
Qb1 Qd5 22. e4 Qd6 23. Be2 h5 24. Nf3 Rab8 25. Qa1 Nc5 26. O-O Nxe4 27. Qxa7
Nxc3 28. Rxc3 Rxc3 29. Rd1 Qc7 30. Qxc7 Rxc7 31. Nxe5 Rc3 32. Nf3 Rbc8 33. h3
Bb3 34. Rb1 Rc1+ 35. Rxc1 Rxc1+ 36. Kh2 Bf6 37. Bd3 Bd5 38. Ne5 h4 39. Bf4 Rc3
40. Ng4 Bd4 41. Ba6 Rc2 42. Ne3 Ra2 43. Bd3 Bc6 44. Kg1 Rd2 45. Bc4 Be4 46. Ng4
Rc2 47. Bb3 Rb2 48. Bc4 Rc2 49. Bb3 Rc3 50. Ba2 Kf8 51. Bh6+ Ke8 52. Bg5 f5 53.
Nh6 Bxf2+ 54. Kf1 Rc2 55. Bf7+ Kd7 0-1

[Event "4NCL-9899B BIG2-WG2"]
[Site "Rd2-Warwick"]
[Date "1998.10.25"]
[Round "2.8"]
[White "Yuzefova, Helena"]
[Black "Cast, Abigail"]
[Result "1-0"]
[WhiteElo "2060"]
[BlackElo "2110"]
[PlyCount "77"]
[EventDate "1998.10.25"]

1. e4 e6 2. Nf3 d5 3. Nc3 Nf6 4. e5 Nfd7 5. d4 c5 6. dxc5 Nc6 7. Bf4 Bxc5 8.
Bd3 a6 9. O-O f6 10. Qe2 O-O 11. exf6 Nxf6 12. Be5 Ng4 13. Bg3 e5 14. Nxd5 Kh8
15. Be4 Bd7 16. Rad1 Nd4 17. Nxd4 exd4 18. h3 Nh6 19. c4 Bf5 20. Qd3 Qd7 21. b4
Ba7 22. Bf4 Bxe4 23. Qxe4 Rae8 24. Qd3 Nf5 25. Rfe1 Ne7 26. Nc7 Rc8 27. Ne6 Rf6
28. Ng5 Ng6 29. Be5 Rf5 30. f4 Re8 31. Bxg7+ Kxg7 32. Rxe8 Nxf4 33. Re7+ Qxe7
34. Qxf5 Ne2+ 35. Kh2 Qd6+ 36. g3 Qxg3+ 37. Kh1 Bb8 38. Qxh7+ Kf6 39. Ne4+ 1-0

[Event "4NCL-9899B BR2-SL2"]
[Site "Rd2-Warwick"]
[Date "1998.10.25"]
[Round "2.1"]
[White "McFarland, Robert"]
[Black "Smith, Andrew P"]
[Result "0-1"]
[WhiteElo "2240"]
[BlackElo "2290"]
[PlyCount "80"]
[EventDate "1998.10.25"]

1. Nf3 b6 2. g3 Bb7 3. Bg2 g5 4. h3 Nf6 5. b3 Qc8 6. Bb2 h5 7. d3 Bh6 8. e4 d6
9. Nbd2 Nbd7 10. Qe2 c5 11. Nc4 Qc7 12. e5 dxe5 13. Ncxe5 Rf8 14. Nxd7 Nxd7 15.
Rg1 O-O-O 16. Nd2 Bxg2 17. Rxg2 Qc6 18. Rh2 Qg6 19. O-O-O Bg7 20. Bxg7 Qxg7 21.
Kb1 {(draw offer)} Qg6 22. Qe4 Qxe4 23. Nxe4 f6 24. Rf1 Rg8 25. f4 gxf4 26.
Rxf4 Ne5 27. Rhf2 Nc6 28. Rh4 Rd5 29. g4 hxg4 30. hxg4 Ne5 31. Rf5 Rd4 32. g5
fxg5 33. Rh7 Nc6 34. Rxg5 Rf8 35. Rg6 Kc7 36. Ng5 Kd7 {(draw offer)} 37. Ne6
Rf1+ 38. Kb2 Rd6 39. Nxc5+ bxc5 40. Rxd6+ Kxd6 0-1

[Event "4NCL-9899B BR2-SL2"]
[Site "Rd2-Warwick"]
[Date "1998.10.25"]
[Round "2.2"]
[White "O'Brien, Richard"]
[Black "Jakubovics, Nick"]
[Result "0-1"]
[WhiteElo "2085"]
[BlackElo "2210"]
[PlyCount "64"]
[EventDate "1998.10.25"]

1. d4 d5 2. c4 e6 3. Nf3 c6 4. cxd5 exd5 5. g3 Nf6 6. Bg2 Bd6 7. O-O O-O 8. Qc2
Ne4 9. Nc3 f5 10. Ne5 Bxe5 11. dxe5 Nd7 12. f4 Qb6+ 13. e3 Ndc5 14. Rb1 a5 15.
a3 a4 16. Bd2 Rd8 17. Nxe4 dxe4 18. Bb4 Nd3 19. Bd2 Be6 20. Kh1 Bb3 21. Qc3 Rd5
22. e6 Qc7 23. g4 Rc5 24. gxf5 Rxc3 25. Bxc3 Bd5 26. Rbd1 Rf8 27. Bh3 Qe7 28.
Rd2 g6 29. fxg6 hxg6 30. Rg2 Nxf4 31. Rg3 Nxh3 32. Rc1 Qxe6 0-1

[Event "4NCL-9899B BR2-SL2"]
[Site "Rd2-Warwick"]
[Date "1998.10.25"]
[Round "2.3"]
[White "Player, Edmund"]
[Black "De Coverly, Roger"]
[Result "1/2-1/2"]
[WhiteElo "2110"]
[BlackElo "2110"]
[PlyCount "68"]
[EventDate "1998.10.25"]

1. e4 e5 2. Nc3 Nc6 3. Bc4 Nf6 4. d3 Bc5 5. f4 d6 6. Nf3 Bg4 7. Na4 Nd4 8. Nxc5
dxc5 9. c3 Nxf3+ 10. gxf3 Be6 11. Bxe6 fxe6 12. fxe5 Nh5 13. O-O Qh4 14. Qe1
Qxe1 15. Rxe1 O-O-O 16. Rd1 g5 17. Kf2 Rhg8 18. Be3 g4 19. Rg1 Rdf8 20. f4 Nxf4
21. Bxf4 Rxf4+ 22. Ke2 c4 23. Raf1 cxd3+ 24. Kxd3 Rgf8 25. Rxf4 Rxf4 26. Rg3 h5
27. Ke3 Rf1 28. h3 Re1+ 29. Kd3 Rb1 30. b3 Rb2 31. hxg4 hxg4 32. Rxg4 Rxa2 33.
Rg8+ Kd7 34. Rg7+ Kd8 1/2-1/2

[Event "4NCL-9899B BR2-SL2"]
[Site "Rd2-Warwick"]
[Date "1998.10.25"]
[Round "2.4"]
[White "Richmond, Robert"]
[Black "Easton, Alex"]
[Result "0-1"]
[WhiteElo "2112"]
[BlackElo "2104"]
[PlyCount "42"]
[EventDate "1998.10.25"]

1. d4 Nf6 2. c4 g6 3. Nc3 d5 4. Bf4 Bg7 5. e3 c5 6. dxc5 Qa5 7. Qd2 Be6 8. cxd5
Nxd5 9. Bb5+ Nc6 10. Nxd5 Qxd2+ 11. Kxd2 Bxd5 12. Nf3 O-O-O 13. Ke2 Bxb2 14.
Rab1 Bf6 15. a3 a6 16. Bd3 e5 17. e4 exf4 18. exd5 Rhe8+ 19. Kd2 Rxd5 20. Rhc1
Red8 21. Ne1 f3 0-1

[Event "4NCL-9899B BR2-SL2"]
[Site "Rd2-Warwick"]
[Date "1998.10.25"]
[Round "2.5"]
[White "Dilleigh, Stephen"]
[Black "Mashayekh, Majid"]
[Result "1-0"]
[WhiteElo "2072"]
[BlackElo "2065"]
[PlyCount "51"]
[EventDate "1998.10.25"]

1. d4 Nf6 2. c4 e6 3. Nc3 Bb4 4. e3 c5 5. Nge2 O-O 6. a3 Bxc3+ 7. Nxc3 cxd4 8.
exd4 d5 9. c5 Nc6 10. Bb5 Qc7 11. O-O h6 12. b4 e5 13. dxe5 Qxe5 14. Bb2 Bg4
15. f3 Be6 16. Re1 Qg5 17. Qc1 Qh4 18. Ne2 Nh7 19. Qf4 Qxf4 20. Nxf4 Rfe8 21.
Rad1 Nf6 22. Bxf6 gxf6 23. Nxd5 Bxd5 24. Rxe8+ Rxe8 25. Rxd5 Rd8 26. Bxc6 1-0

[Event "4NCL-9899B BR2-SL2"]
[Site "Rd2-Warwick"]
[Date "1998.10.25"]
[Round "2.6"]
[White "Crichton, Martin"]
[Black "Grossett, Duncan"]
[Result "1/2-1/2"]
[WhiteElo "2030"]
[BlackElo "2048"]
[PlyCount "61"]
[EventDate "1998.10.25"]

1. e4 e6 2. d3 c5 3. Nf3 Nc6 4. g3 g6 5. Bg2 Bg7 6. O-O Nge7 7. Re1 d6 8. c3
Rb8 9. d4 cxd4 10. cxd4 d5 11. exd5 Nxd5 12. Nc3 O-O 13. Nxd5 Qxd5 14. Bf4 Ra8
15. Ne5 Qb5 16. Nxc6 bxc6 17. Rc1 Bb7 18. b3 Rfd8 19. Qe2 Qxe2 20. Rxe2 Bxd4
21. Rec2 {(draw offer)} Rd7 22. Bxc6 Bxc6 23. Rxc6 Kg7 24. Kf1 h6 25. Rd1 Rad8
26. Rxd4 Rxd4 27. Be5+ Kf8 28. Bxd4 Rxd4 29. Ra6 Rd7 {(draw offer)} 30. Ke2 Ke7
31. Ke3 1/2-1/2